Religiøse symboler 2 - Statistics

General Stats
  • This quiz has been taken 25 times
  • The average score is 6 of 12
Answer Stats
Picture Hint Answer % Correct
Menora Jødedom
95%
Lotus-blomst Buddhisme
90%
Kalligrafi Islam
90%
Ichthys Kristendom
67%
Peters nøkler Katolisismen
62%
Khi-Rho Kristendom
43%
A Ateisme (ikke en religion)
29%
Kors med to økser Den norske kirke
29%
Rose Lutheranisme
29%
Kors Ortodoks kristendom
24%
Diverse symboler Nyhedendom
14%
Stjerne med fem farger Drusere
10%
No matching quizzes found
Score Distribution
Percent of People with Each Score
Percentile by Number Answered
Your Score History
You have not taken this quiz